Statistiche per Bandiere di Paesi con Aquile - Quiz di Immagini

Clicka qui per fare il quiz!

Statistiche generali

  • Questo quiz è stato fatto 264 volte
  • Il punteggio medio è 6 su 9

Statistiche sulle risposte

nazione% Corretto
Albania
98%
Egitto
77%
Messico
73%
Moldavia
69%
Montenegro
63%
Serbia
59%
Kazakistan
43%
Zimbabwe
37%
Zambia
36%

Distribuzione punteggi

Percentile per numero di risposta

Percentuale di utenti per punteggio

I tuoi punteggi nel tempo

Non hai fatto questo quiz